[Event "WJCC U20 Girls 2019"]
[Site "New Delhi"]
[Date "2019.10.17"]
[Round "3.34"]
[White "Tamarozi, Isabelle"]
[Black "Obregon Garcia, Roxangel"]
[Result "0-1"]
[WhiteElo "2029"]
[BlackElo "2267"]
[Annotator "ChessBase"]
[PlyCount "94"]
[EventDate "2019.10.15"]
[EventType "swiss"]
[EventCountry "IND"]
[SourceTitle "playchess.com"]
[Source "ChessBase"]
[SourceQuality "1"]
[TimeControl "40/5400+30:1800+30"]

1. e4 {[%emt 0:00:33]} c5 {[%emt 0:00:00]} 2. Nf3 {[%emt 0:00:44]} d6 {[%emt 0:00:00]} 3. Bb5+ {[%emt 0:03:27]} Nd7 {[%emt 0:00:11]} 4. d4 {[%emt 0:00:30]} a6 {[%emt 0:05:51]} 5. Bxd7+ {[%emt 0:02:16]} Bxd7 {[%emt 0:00:28]} 6. O-O {[%emt 0:11:46]} cxd4 {[%emt 0:06:25]} 7. Qxd4 {[%emt 0:01:29]} e5 {[%emt 0:11:46]} 8. Qd3 {[%emt 0:02:29]} Rc8 {[%emt 0:01:08]} 9. c4 {[%emt 0:02:55]} b5 {[%emt 0:07:43]} 10. b3 {[%emt 0:02:07]} bxc4 {[%emt 0:03:40]} 11. bxc4 {[%emt 0:00:49]} Be6 {[%emt 0:01:54]} 12. Na3 {[%emt 0:04:31]} Nf6 {[%emt 0:06:47]} 13. Bd2 {[%emt 0:15:47]} Nd7 {[%emt 0:06:34]} 14. Rfd1 {[%emt 0:07:13]} Nc5 {[%emt 0:00:54]} 15. Qe2 {[%emt 0:03:33]} Be7 {[%emt 0:02:19]} 16. Rac1 {[%emt 0:08:41]} O-O {[%emt 0:01:28]} 17. Nc2 f5 {[%emt 0:12:49]} 18. exf5 {[%emt 0:05:59]} Bxf5 {[%emt 0:01:12]} 19. Bb4 {[%emt 0:06:28]} Bg4 {[%emt 0:08:52]} 20. Bxc5 {[%emt 0:01:53]} Rxc5 {[%emt 0:00:47]} 21. Nce1 {[%emt 0:02:40]} Qa8 {[%emt 0:02:43]} 22. Qe3 {[%emt 0:06:38]} Rfc8 {[%emt 0:03:36]} 23. h3 {[%emt 0:04:06]} Bh5 {[%emt 0:03:30]} 24. Rd2 {[%emt 0:04:19]} Rxc4 {[%emt 0:02:45]} 25. Rxc4 {[%emt 0:00:27]} Rxc4 {[%emt 0:00:01]} 26. Nxe5 {[%emt 0:00:55]} dxe5 {[%emt 0:00:43]} 27. Qxe5 {[%emt 0:00:14]} Re4 {[%emt 0:00:15]} 28. Qxh5 {[%emt 0:00:49]} Rxe1+ {[%emt 0:00:05]} 29. Kh2 {[%emt 0:00:06]} Bf6 {[%emt 0:02:32]} 30. Qg4 {[%emt 0:00:57]} h5 {[%emt 0:03:35]} 31. Qf5 {[%emt 0:00:36]} Qe4 {[%emt 0:00:36]} 32. Qxe4 {[%emt 0:00:30]} Rxe4 {[%emt 0:00:01]} 33. f3 {[%emt 0:00:29]} Rb4 {[%emt 0:00:28]} 34. Rd5 {[%emt 0:00:29]} Ra4 {[%emt 0:01:23]} 35. Rxh5 {[%emt 0:00:16]} Rxa2 {[%emt 0:01:15]} 36. h4 {[%emt 0:00:35]} Kf7 {[%emt 0:00:19]} 37. Kh3 {[%emt 0:00:20]} Ke6 {[%emt 0:00:42]} 38. f4 {[%emt 0:00:22]} a5 {[%emt 0:00:26]} 39. g4 {[%emt 0:00:32]} a4 {[%emt 0:01:53]} 40. Ra5 {[%emt 0:00:19]} Ra3+ {[%emt 0:00:24]} 41. Kg2 {[%emt 0:30:16]} Bxh4 {[%emt 0:31:20]} 42. g5 {[%emt 0:00:26]} g6 {[%emt 0:00:00]} 43. Ra6+ {[%emt 0:00:00]} Kf5 {[%emt 0:00:00]} 44. Rf6+ {[%emt 0:00:00]} Kg4 {[%emt 0:00:00]} 45. Rf8 {[%emt 0:00:00]} Ra2+ {[%emt 0:00:00]} 46. Kf1 {[%emt 0:00:00]} Kf3 {[%emt 0:00:00]} 47. Kg1 {[%emt 0:00:00]} Ra1+ {[%emt 0:00:00]} 0-1

[Event "WJCC U20 Girls 2019"]
[Site "New Delhi"]
[Date "2019.10.17"]
[Round "3.35"]
[White "Chandreyee, Hajra"]
[Black "Di Benedetto, Desiree"]
[Result "1-0"]
[WhiteElo "2024"]
[BlackElo "2235"]
[Annotator "TA"]
[PlyCount "99"]
[EventDate "2019.10.15"]
[EventType "swiss"]
[EventCountry "IND"]
[SourceTitle "playchess.com"]
[Source "ChessBase"]
[SourceQuality "1"]

{[%evp 18,106,17,12,9,0,15,-4,24,24,30,19,34,31,55,32,38,34,64,31,37,49,55,62,117,79,55,78,60,52,115,122,237,117,108,116,117,104,129,92,101,87,114,106,138,105,102,69,84,25,70,54,54,27,60,58,104,105,123,123,123,123,123,124,244,146,152,0,177,162,157,142,231,223,403,412,628,624,1116,1103,29987,1972,29990,29988,29996,29997,29997,29998,29998,29999,29999]} 1. e4 e6 2. d4 d5 3. Nc3 Nf6 4. e5 Nfd7 5. f4 c5 6. Nf3 Nc6 7. Be3 cxd4 8. Nxd4 Bc5 9. Qd2 O-O 10. Be2 a6 {C11: French: Classical System: 4 e5 and 4 Bg5 dxe4} 11. O-O (11. Bf3 {feels hotter.} Re8 12. g3 Qc7 13. O-O Nxd4 14. Bxd4 b6 15. Rac1) 11... Nxd4 12. Bxd4 Bxd4+ {The position is equal.} (12... Qb6 13. Bxc5 Nxc5 14. Qd4 Bd7 15. f5 Na4 16. Qxb6 Nxb6 17. f6 gxf6 18. exf6 {0-1 (59) Mitkov,N (2454)-Zherebukh,Y (2633) chess.com INT 2018}) 13. Qxd4 Nb8 $146 ({Predecessor:} 13... Qb6 14. Qxb6 Nxb6 15. Rfd1 Bd7 16. Rd4 Bc6 17. a4 f6 18. Bg4 {1-0 (57) Haring,F (2309)-Holly,A (2101) Liptovsky Mikulas 2019}) 14. Na4 b5 15. Nc5 Nc6 16. Qe3 Qb6 {White should prevent ...d4.} 17. c3 Bb7 18. b4 Rad8 19. Bf3 a5 20. a3 a4 (20... Rfe8 $14) 21. Rad1 Nb8 22. Qd4 Nc6 23. Qf2 Ne7 (23... Nb8 $14) 24. Be2 $16 f6 (24... Rfe8 $16) 25. Bg4 (25. exf6 $18 {is the precise move to win.} gxf6 26. Bd3) 25... f5 26. Be2 Bc8 27. Kh1 Qc6 28. Rd3 Rf7 29. Qh4 g6 30. Qg5 Rg7 31. Rfd1 Rf8 32. Qh4 Bd7 33. Qf2 ({Better is} 33. R3d2 $16) 33... Be8 34. Rg3 Nc8 35. Qf1 Ne7 36. Nd3 $36 {[%cal Bc5d3,Bd3e1,Be1f3,Bf3d4][%mdl 2080] Black is under pressure.} h6 37. Ne1 Nc8 38. Nf3 Na7 39. Nd4 Qb6 40. Rh3 Rh7 (40... h5 $16 41. Rg3 Rff7) 41. Bf3 (41. g4 $18) 41... Kh8 42. Be2 $2 ({White should play} 42. g4 $16) 42... Rg8 $2 (42... Kg8 $1 $11) 43. Qe1 Bd7 44. Qh4 Rf8 (44... Qd8 $16 {is a better defense.}) 45. Nf3 $18 {aiming for Ng5!} Rff7 $2 (45... Qd8 46. Ng5 {[%mdl 64] Pin} Kg8 47. Nxh7 Qxh4 48. Rxh4 Kxh7) 46. Rg3 {[%cal Bh3g3,Bg3g6,Bg6f6][%mdl 32]} Rfg7 (46... Nc8 $142 47. Rxg6 Ne7) 47. Qf6 {Black must now prevent Rxd5!} Be8 {[#]} 48. Rxd5 $1 {[%mdl 576] Pin} Qc6 {[#]} (48... exd5 49. Qxb6) 49. Rd6 (49. Rd8 $142 $1 Nc8 {[#]} 50. Nd4 $1 {[%mdl 576] Double Attack} Qd7 51. Bxb5 Qxd8 52. Qxd8 Ne7 53. Bxe8 Rg8 54. Nxe6) 49... Qxc3 {[#]} 50. Rd8 {Played: Rg3xg6} 1-0

[Event "WJCC U20 Girls 2019"]
[Site "New Delhi"]
[Date "2019.10.17"]
[Round "3.36"]
[White "Savitha Shri B"]
[Black "Harshini A"]
[Result "1-0"]
[WhiteElo "1916"]
[BlackElo "2230"]
[Annotator "TA"]
[PlyCount "95"]
[EventDate "2019.10.15"]
[EventType "swiss"]
[EventCountry "IND"]
[SourceTitle "playchess.com"]
[Source "ChessBase"]
[SourceQuality "1"]

{[%evp 11,95,37,100,78,74,55,85,83,121,135,133,139,123,111,152,-6,0,-102,-102,-118,-111,-105,-101,-118,-121,-122,-93,-154,-118,-103,-116,-184,-182,-182,-172,-159,-174,-181,-158,-152,-83,-74,-45,-128,-83,-179,-86,-151,-144,-162,-137,-230,-223,-212,-183,-277,-176,-172,-187,-185,-94,-175,-135,-129,0,-147,0,-114,-54,-33,-62,-51,27,30,239,209,300,301,541,546,816,800,29993,29994,29994,29992]} 1. e4 d6 2. d4 g6 3. Nc3 Bg7 4. Be3 Nf6 5. f3 Nbd7 6. Qd2 c5 (6... c6 $14) 7. O-O-O {Hoping for dxc5. B07: Pirc Defence: Miscellaneous Systems} cxd4 (7... Qa5 8. Kb1 a6 9. dxc5 dxc5 10. Bh6 Bxh6 11. Qxh6 Ne5 12. Qf4 Qc7 13. g4 Be6 14. Nh3 O-O {½-½ (43) Mamedov,R (2650)-Dominguez Perez,L (2732) Huaian 2016}) 8. Bxd4 (8. Qxd4 O-O $11) 8... O-O 9. g4 {White is better.} a6 10. h4 $1 b5 11. h5 Bb7 12. Kb1 Rc8 $146 ({Predecessor:} 12... Re8 13. hxg6 fxg6 14. g5 Nh5 15. Bxg7 Kxg7 {½-½ (57) Cech,J (1615)-Berka,L (1793) Ostrava 2014}) 13. Nce2 $2 (13. hxg6 $16 hxg6 14. g5) 13... Nxe4 14. Qe1 (14. fxe4 $11 Bxe4 15. Bxg7 Rxc2 16. Qh6 Rd2+ 17. Kc1 Rc2+ 18. Kb1 Rd2+ 19. Kc1 Rc2+ 20. Kb1) 14... e5 $17 15. Be3 Qc7 16. Rc1 Nef6 $36 {[%mdl 2048] Black is in control.} 17. Qh4 Rfe8 $1 18. Ng3 Nf8 {White must now prevent ...e4.} 19. Bg5 (19. hxg6 $142 fxg6 20. g5) 19... Nd5 20. Ne4 h6 21. Bd2 (21. Bxh6 $17 Bxh6 22. hxg6 $1 {[%mdl 512]}) 21... g5 $19 22. Qe1 Nf4 23. Bb4 Bxe4 24. fxe4 d5 25. Ne2 Nxe2 (25... Qd7 $142 26. Rd1 Qc6) 26. Qxe2 $17 dxe4 27. Bg2 (27. Bxf8 $1 $15 Bxf8 28. Qxe4) 27... Qc4 28. Qe1 {[#]} (28. Qxc4 $17 Rxc4 29. Bxf8 Bxf8 30. b3) 28... Nd7 (28... e3 $1 $19 {is more deadly. aiming for ...Ne6.} 29. Bxf8 (29. Qxe3 Qxb4) 29... Bxf8 30. Qxe3 e4) 29. Bxe4 (29. b3 $142 Qc7 30. Bxe4) 29... Nf6 $1 30. Bf5 Rcd8 (30... Nxg4 $2 31. b3 $18) 31. Rf1 {[#]} (31. Bc3 $17 {is a better defense.}) 31... e4 $1 $19 (31... Nxg4 32. b3 $16) 32. Ba5 Rb8 33. Bc3 (33. Qb4 {was called for.}) 33... b4 34. Bxf6 Bxf6 35. Qe3 {[#]} Bd4 (35... Rbd8 $1 $19 36. Rce1 Kg7) 36. Qg3 (36. Qb3 $17 {was forced.} Qxb3 37. axb3) 36... Be5 37. Qe3 Bd4 38. Qg3 $1 Be5 39. Qe3 $1 Bf4 (39... Rbd8 $17 40. Rce1 Bf4) 40. Rxf4 $15 gxf4 41. Qxf4 Qc6 ({Black should play} 41... Rb6 $15 42. g5 hxg5 43. Qxg5+ Kh8) 42. g5 $11 {Threatens to win with g6.} Rb6 $2 (42... Rb7 $11) 43. g6 $18 fxg6 (43... Re7 $142 44. Qxh6 fxg6) 44. Bxg6 Re7 $2 (44... Rb7 45. Bxe8 (45. Qxh6 Qb6 $16) 45... Qxe8 46. Qxh6 Rg7 47. Qxa6 e3 48. Qc4+ Kh7) 45. Rf1 {[%csl Gf1][%cal Rf4f8]} Qc8 46. Qxh6 {Bf7+! would kill now.} Rg7 {[#]} 47. Bf7+ $1 {[%mdl 576] Discovered Attack} Kf8 (47... Rxf7 48. Rg1+) 48. Qh8+ {Accuracy: White = 52%, Black = 42%.} 1-0

[Event "WJCC U20 Girls 2019"]
[Site "New Delhi"]
[Date "2019.10.17"]
[Round "3.37"]
[White "Levitan, Ronit"]
[Black "Tanishka Kotia"]
[Result "1/2-1/2"]
[WhiteElo "1893"]
[BlackElo "2090"]
[Annotator "NA"]
[PlyCount "63"]
[EventDate "2019.10.15"]
[EventType "swiss"]
[EventCountry "IND"]
[SourceTitle "playchess.com"]
[Source "ChessBase"]
[SourceQuality "1"]
[TimeControl "40/5400+30:1800+30"]

1. e4 {[%emt 0:00:17]} d5 {[%emt 0:00:00]} 2. exd5 {[%emt 0:00:06]} Nf6 {[%emt 0:00:00]} 3. c4 {[%emt 0:00:24]} e6 {[%emt 0:00:00]} 4. dxe6 {[%emt 0:00:05]} Bxe6 {[%emt 0:00:00]} 5. Nf3 {[%emt 0:00:25]} Nc6 {[%emt 0:04:02]} 6. Be2 {[%emt 0:02:18]} Bc5 {[%emt 0:10:10]} 7. O-O {[%emt 0:00:37]} O-O {[%emt 0:09:33]} 8. d3 {[%emt 0:03:51]} Nd4 {[%emt 0:04:46]} 9. Nxd4 {[%emt 0:01:29]} Bxd4 {[%emt 0:00:47]} 10. Nd2 {[%emt 0:00:46]} Bf5 {[%emt 0:08:50]} 11. Nb3 {[%emt 0:08:34]} Re8 {[%emt 0:01:28]} 12. Nxd4 {[%emt 0:22:04]} Qxd4 {[%emt 0:00:09]} 13. Be3 {[%emt 0:02:48]} Qxb2 {[%emt 0:02:35]} 14. Rb1 {[%emt 0:00:18]} Qxa2 {[%emt 0:01:00]} 15. Rxb7 {[%emt 0:00:08]} c5 {[%emt 0:03:24]} 16. Bf3 $14 {[%emt 0:01:12]} Rac8 {[%emt 0:03:31]} 17. h3 {[%emt 0:05:35]} Red8 {[%emt 0:08:51]} 18. Qa1 {[%emt 0:04:04]} Qxa1 {[%emt 0:00:47]} 19. Rxa1 {[%emt 0:01:04]} Bxd3 {[%emt 0:01:52]} 20. Ra4 {[%emt 0:06:04]} h6 {[%emt 0:12:53]} 21. Rbxa7 {[%emt 0:03:05]} Rd7 {[%emt 0:06:36]} 22. R7a5 {[%emt 0:08:55]} Rdc7 {[%emt 0:02:21]} 23. Bf4 {[%emt 0:01:01]} Re7 {[%emt 0:00:15]} 24. Bd6 {[%emt 0:06:31]} Re1+ {[%emt 0:00:26]} 25. Kh2 {[%emt 0:00:05]} Rc1 {[%emt 0:01:26]} 26. Rxc5 {[%emt 0:02:46]} Rxc5 {[%emt 0:00:59]} 27. Bxc5 {[%emt 0:00:11]} Rxc4 {[%emt 0:01:53]} 28. Ra8+ {[%emt 0:00:27]} Kh7 {[%emt 0:00:07]} 29. Be3 {[%emt 0:00:05]} Be4 {[%emt 0:02:47]} 30. Bxe4+ {[%emt 0:00:08]} Nxe4 {[%emt 0:01:15]} 31. Ra7 {[%emt 0:02:32]} Kg6 {[%emt 0:00:17]} 32. Ra6+ {[%emt 0:00:25]} 1/2-1/2

[Event "WJCC U20 Girls 2019"]
[Site "New Delhi"]
[Date "2019.10.17"]
[Round "3.38"]
[White "Nomindalai Tumurbaatar"]
[Black "Punsalan, Vyanla M"]
[Result "1-0"]
[WhiteElo "2061"]
[BlackElo "1964"]
[Annotator "NA"]
[PlyCount "65"]
[EventDate "2019.10.15"]
[EventType "swiss"]
[EventCountry "IND"]
[SourceTitle "playchess.com"]
[Source "ChessBase"]
[SourceQuality "1"]
[TimeControl "40/5400+30:1800+30"]

1. d4 {[%emt 0:00:00]} f5 {[%emt 0:00:00]} 2. Bf4 {[%emt 0:00:00]} Nf6 {[%emt 0:00:20]} 3. e3 {[%emt 0:00:12]} g6 {[%emt 0:00:47]} 4. Be2 {[%emt 0:02:28]} Bg7 {[%emt 0:01:10]} 5. h4 {[%emt 0:01:10]} h6 {[%emt 0:00:58]} 6. Nc3 {[%emt 0:04:54]} d6 {[%emt 0:01:24]} 7. Qd2 {[%emt 0:04:00]} c6 {[%emt 0:02:01]} 8. f3 {[%emt 0:02:25]} b5 {[%emt 0:04:01]} 9. a3 {[%emt 0:06:00]} Nh5 {[%emt 0:10:49]} 10. Bh2 {[%emt 0:03:50]} e5 {[%emt 0:06:10]} 11. O-O-O {[%emt 0:04:11]} exd4 {[%emt 0:12:48]} 12. exd4 {[%emt 0:00:12]} Qxh4 $18 {[%emt 0:18:41]} (12... O-O {might work better.}) 13. Nxb5 {[%emt 0:03:02]} cxb5 {[%emt 0:06:20]} 14. Bxb5+ {[%emt 0:00:06]} Nd7 {[%emt 0:00:44]} 15. Re1+ {[%emt 0:00:44]} Kd8 {[%emt 0:01:20]} 16. Ne2 {[%emt 0:08:32]} Qg5 {[%emt 0:03:29]} 17. f4 {[%emt 0:08:10]} Qf6 {[%emt 0:00:46]} 18. Qa5+ {[%emt 0:00:34]} Nb6 {[%emt 0:00:33]} 19. Bc6 {[%emt 0:00:18]} Rb8 {[%emt 0:03:04]} 20. Qxa7 {[%emt 0:00:42]} Nd7 {[%emt 0:00:14]} 21. Qa5+ {[%emt 0:03:09]} Nb6 {[%emt 0:00:59]} 22. Nc3 {[%emt 0:02:10]} Bd7 {[%emt 0:06:23]} 23. Bxd7 {[%emt 0:01:58]} Kxd7 {[%emt 0:00:15]} 24. Qa7+ {[%emt 0:00:05]} Kc6 {[%emt 0:03:21]} 25. Re7 {[%emt 0:00:43]} Qxe7 {[%emt 0:02:56]} 26. Qxe7 {[%emt 0:00:19]} Rhe8 {[%emt 0:00:29]} 27. Qf7 {[%emt 0:00:11]} Bxd4 {[%emt 0:00:43]} 28. Rd1 {[%emt 0:03:08]} Be3+ {[%emt 0:01:09]} 29. Kb1 {[%emt 0:00:03]} Nxf4 {[%emt 0:01:17]} 30. a4 {[%emt 0:03:00]} Re5 {[%emt 0:03:23]} 31. Nb5 {[%emt 0:03:11]} Rxb5 {[%emt 0:04:05]} 32. axb5+ {[%emt 0:00:10]} Kxb5 {[%emt 0:00:18]} 33. Qb3+ {[%emt 0:00:05]} 1-0

[Event "WJCC U20 Girls 2019"]
[Site "New Delhi"]
[Date "2019.10.17"]
[Round "3.39"]
[White "Shivika Rohilla"]
[Black "Bakshi, Rutuja"]
[Result "0-1"]
[WhiteElo "1721"]
[BlackElo "2029"]
[Annotator "NA RC"]
[PlyCount "102"]
[EventDate "2019.10.15"]
[EventType "swiss"]
[EventCountry "IND"]
[SourceTitle "playchess.com"]
[Source "ChessBase"]
[SourceQuality "1"]
[TimeControl "40/5400+30:1800+30"]

1. e4 {[%emt 0:00:00]} e6 {[%emt 0:00:00]} 2. d4 {[%emt 0:00:00]} d5 {[%emt 0:00:02]} 3. Nd2 {[%emt 0:00:00]} c5 {[%emt 0:00:04]} 4. exd5 {[%emt 0:00:15]} exd5 {[%emt 0:00:04]} 5. Ngf3 {[%emt 0:00:44]} Nc6 {[%emt 0:00:22]} 6. Bb5 {[%emt 0:01:19]} Bd6 {[%emt 0:01:41]} 7. dxc5 {[%emt 0:00:33]} Bxc5 {[%emt 0:00:06]} 8. Nb3 {[%emt 0:00:33]} Bd6 {[%emt 0:00:40]} 9. O-O {[%emt 0:01:13]} Nge7 {[%emt 0:00:05]} 10. Be3 {[%emt 0:08:08]} Bg4 {[%emt 0:10:25] C09: French Tarrasch: 3...c5 4 exd5 exd5 5 Ngf3 Nc6} (10... O-O 11. Bd3 h6 12. h3 Bf5 13. Re1 Re8 14. c3 Be4 15. Nc5 Bxf3 16. Qxf3 Ne5 17. Qd1 Qc7 18. Nb3 Nxd3 19. Qxd3 {½-½ (34) Godena,M (2506)-Sedina,E (2428) Turin 2002}) 11. h3 {[%emt 0:01:32]} Bh5 12. Nbd4 {[%emt 0:14:01]} O-O {[%emt 0:05:40]} 13. Be2 {[%emt 0:07:28]} a6 $146 {[%emt 0:08:38]} ({Predecessor:} 13... Rc8 14. c3 Bb8 15. Qd2 Bg6 16. Bf4 Bxf4 17. Qxf4 Qb6 18. Qd2 {½-½ (46) Guo,A (1999)-Goss,M (2141) Cocoa Beach 2016}) 14. Qd2 {[%emt 0:06:50]} Qc7 {[%emt 0:11:13]} 15. c3 {[%emt 0:02:20]} Na5 {[%emt 0:05:47]} 16. Rfd1 {[%emt 0:07:32]} Nc4 {[%emt 0:11:39]} 17. Bxc4 {[%emt 0:00:14]} Qxc4 {[%emt 0:01:21]} 18. Bf4 {[%emt 0:08:59]} Bxf3 {[%emt 0:16:22]} 19. gxf3 {[%emt 0:00:44]} Bxf4 {[%emt 0:02:51]} 20. Qxf4 {[%emt 0:00:03]} Ng6 {[%emt 0:00:36]} 21. Qg3 {[%emt 0:01:55]} Rae8 {[%emt 0:08:23]} 22. a3 {[%emt 0:03:59]} Qc8 {[%emt 0:05:30]} 23. Re1 {[%emt 0:01:31]} Qd7 {[%emt 0:00:39]} 24. Rad1 {[%emt 0:10:08]} f6 {[%emt 0:04:03]} 25. Nc2 {[%emt 0:04:26]} Re5 {[%emt 0:02:09]} 26. f4 {[%emt 0:06:09]} Rxe1+ {[%emt 0:02:03]} 27. Rxe1 {[%emt 0:00:35]} Qf5 {[%emt 0:00:13]} 28. Ne3 {[%emt 0:04:15]} Qxf4 {[%emt 0:00:12]} 29. Rd1 {[%emt 0:00:33]} Rd8 {[%emt 0:02:27]} 30. Nxd5 {[%emt 0:00:47]} Qxg3+ {[%emt 0:00:40]} 31. fxg3 {[%emt 0:00:01]} Kf7 {[%emt 0:00:07]} 32. Ne3 {[%emt 0:01:16]} Rxd1+ {[%emt 0:00:42]} 33. Nxd1 {[%emt 0:00:01]} Ke6 {[%emt 0:00:15]} 34. Kf2 {[%emt 0:02:41]} Kd5 {[%emt 0:00:29]} 35. b3 {[%emt 0:00:40]} b5 {[%emt 0:01:06]} 36. Ke3 {[%emt 0:00:28]} Ne5 {[%emt 0:00:30]} 37. Nf2 {[%emt 0:01:05]} a5 {[%emt 0:00:41]} 38. Kd2 {[%emt 0:04:41]} (38. h4 $11 {remains equal.}) 38... a4 {[%emt 0:00:13]} 39. Kc2 {[%emt 0:00:29]} f5 {[%emt 0:00:45]} 40. h4 {[%emt 0:00:50]} h6 {[%emt 0:00:19]} 41. Kb2 {[%emt 0:30:38]} g5 {[%emt 0:30:37]} 42. hxg5 {[%emt 0:00:02]} hxg5 {[%emt 0:00:11]} 43. Kc2 {[%emt 0:00:00] [#]} g4 $1 {[%emt 0:00:00]} 44. Kb2 $2 {[%emt 0:00:00] [#]} (44. c4+ bxc4 45. bxa4) 44... Nd7 $19 {[%emt 0:00:00]} 45. Kc2 {[%emt 0:00:00]} Nc5 {[%emt 0:00:00]} 46. b4 {[%emt 0:00:00]} Ne4 {[%emt 0:00:00]} 47. Nd3 {[%emt 0:00:00]} Nxg3 {[%emt 0:00:00]} 48. Nf4+ {[%emt 0:00:00]} Ke4 {[%emt 0:00:00]} 49. Nd3 {[%emt 0:00:00]} Nf1 {[%emt 0:00:00]} 50. Nf2+ {[%emt 0:00:00]} Kf3 {[%emt 0:00:00]} 51. Nd3 {[%emt 0:00:00]} g3 {[%emt 0:00:00]} 0-1

[Event "WJCC U20 Girls 2019"]
[Site "New Delhi"]
[Date "2019.10.17"]
[Round "3.40"]
[White "Bauyrzhan, Arnash"]
[Black "Dahampriya, H K T Dewnethmie"]
[Result "1-0"]
[WhiteElo "2075"]
[BlackElo "1629"]
[Annotator "NA"]
[PlyCount "87"]
[EventDate "2019.10.15"]
[EventType "swiss"]
[EventCountry "IND"]
[SourceTitle "playchess.com"]
[Source "ChessBase"]
[SourceQuality "1"]
[TimeControl "40/5400+30:1800+30"]

1. e4 {[%emt 0:00:00]} c5 {[%emt 0:00:00]} 2. Nf3 {[%emt 0:00:00]} d6 {[%emt 0:00:00]} 3. Bb5+ {[%emt 0:00:08]} Nd7 {[%emt 0:00:09]} 4. d4 {[%emt 0:00:54]} cxd4 {[%emt 0:01:19]} 5. Qxd4 {[%emt 0:00:07]} a6 {[%emt 0:00:28]} 6. Bxd7+ {[%emt 0:00:19]} Bxd7 {[%emt 0:01:24]} 7. O-O {[%emt 0:00:34]} e6 {[%emt 0:00:48]} 8. Bg5 {[%emt 0:01:28]} f6 {[%emt 0:02:49]} 9. Bd2 {[%emt 0:02:44]} Ne7 {[%emt 0:00:15]} 10. Qxd6 {[%emt 0:03:31]} Rc8 {[%emt 0:05:36]} 11. Nc3 {[%emt 0:04:54]} Nd5 {[%emt 0:09:31]} 12. Qg3 {[%emt 0:00:15]} Nb6 {[%emt 0:00:17]} 13. Rad1 {[%emt 0:03:14]} Nc4 {[%emt 0:02:26]} 14. Bc1 {[%emt 0:00:38]} Qb6 {[%emt 0:01:20]} 15. e5 {[%emt 0:19:06]} f5 {[%emt 0:03:19]} 16. b3 {[%emt 0:07:53]} Na5 {[%emt 0:01:08]} 17. Rd3 {[%emt 0:03:06]} Nc6 {[%emt 0:17:26]} 18. Na4 {[%emt 0:04:09]} Qa5 {[%emt 0:02:04]} 19. Rfd1 {[%emt 0:09:09]} Nb8 {[%emt 0:06:05]} 20. Bd2 {[%emt 0:11:13]} Qc7 {[%emt 0:00:33]} 21. Rc3 {[%emt 0:01:52]} Qd8 {[%emt 0:03:25]} 22. Bg5 {[%emt 0:00:37]} Qa5 {[%emt 0:06:51]} 23. Rxc8+ {[%emt 0:00:30]} Bxc8 {[%emt 0:00:06]} 24. Rd8+ {[%emt 0:00:59]} Qxd8 {[%emt 0:00:06]} 25. Bxd8 {[%emt 0:00:06]} Kxd8 {[%emt 0:00:05]} 26. Ng5 {[%emt 0:01:11]} Kc7 {[%emt 0:04:15]} 27. Qe3 {[%emt 0:01:54]} Nc6 {[%emt 0:00:45]} 28. Nb6 {[%emt 0:01:34]} h6 {[%emt 0:00:48]} 29. Nf7 {[%emt 0:01:08]} Rg8 {[%emt 0:01:04]} 30. Nxc8 {[%emt 0:01:05]} Kxc8 {[%emt 0:00:10]} 31. Qb6 {[%emt 0:00:56]} Kb8 {[%emt 0:03:11]} 32. Nd8 {[%emt 0:02:33]} Nxd8 {[%emt 0:00:31]} 33. Qxd8+ {[%emt 0:00:07]} Ka7 {[%emt 0:00:06]} 34. c4 {[%emt 0:01:08]} g5 {[%emt 0:00:33]} 35. c5 {[%emt 0:00:49]} Rh8 {[%emt 0:00:23]} 36. b4 {[%emt 0:01:59]} Bg7 {[%emt 0:00:26]} 37. Qc7 {[%emt 0:00:13]} Bxe5 {[%emt 0:00:56]} 38. Qxe5 {[%emt 0:00:15]} Rd8 {[%emt 0:00:04]} 39. g3 {[%emt 0:01:12]} Rd2 {[%emt 0:00:21]} 40. Qxe6 {[%emt 0:01:05]} f4 {[%emt 0:00:12]} 41. gxf4 {[%emt 0:30:23]} gxf4 {[%emt 0:30:06]} 42. Kg2 {[%emt 0:00:38]} h5 {[%emt 0:00:08]} 43. Qf7 {[%emt 0:00:31]} h4 {[%emt 0:00:11]} 44. c6 {[%emt 0:00:58]} 1-0

[Event "WJCC U20 Girls 2019"]
[Site "New Delhi"]
[Date "2019.10.17"]
[Round "3.41"]
[White "Lohani, Sujana"]
[Black "Ortiz Verdezoto, Anahi"]
[Result "0-1"]
[WhiteElo "1671"]
[BlackElo "2055"]
[Annotator "NA"]
[PlyCount "82"]
[EventDate "2019.10.15"]
[EventType "swiss"]
[EventCountry "IND"]
[SourceTitle "playchess.com"]
[Source "ChessBase"]
[SourceQuality "1"]
[TimeControl "40/5400+30:1800+30"]

1. d4 d5 {[%emt 0:00:00]} 2. Nf3 {[%emt 0:01:07]} Nf6 {[%emt 0:00:00]} 3. c4 {[%emt 0:00:03]} e6 {[%emt 0:00:00]} 4. g3 {[%emt 0:00:54]} Be7 {[%emt 0:00:20]} 5. Bg2 {[%emt 0:03:09]} O-O {[%emt 0:00:15]} 6. O-O {[%emt 0:00:07]} dxc4 {[%emt 0:00:41]} 7. Ne5 {[%emt 0:04:49]} c5 {[%emt 0:02:02]} 8. dxc5 {[%emt 0:07:39]} Qc7 {[%emt 0:00:07]} 9. Nxc4 {[%emt 0:14:27]} Bxc5 {[%emt 0:00:10]} 10. Qb3 {[%emt 0:01:59]} Nc6 {[%emt 0:04:52]} 11. Be3 {[%emt 0:11:22]} Bxe3 {[%emt 0:04:28]} 12. Qxe3 {[%emt 0:03:12]} Nd5 {[%emt 0:00:27]} 13. Qc5 {[%emt 0:12:05]} b6 {[%emt 0:14:26]} 14. Qd6 {[%emt 0:07:32]} Qxd6 {[%emt 0:00:07]} 15. Nxd6 {[%emt 0:00:04]} Ba6 {[%emt 0:01:10]} 16. Nd2 {[%emt 0:06:59]} (16. Nc3 $11 {keeps the balance.}) 16... Bxe2 {[%emt 0:02:50]} 17. Rfc1 {[%emt 0:04:02]} Ncb4 {[%emt 0:05:58]} 18. a3 $11 {[%emt 0:02:31]} Nd3 {[%emt 0:00:30]} 19. Rc2 {[%emt 0:00:22]} Nc5 {[%emt 0:01:55]} 20. Bf1 {[%emt 0:04:05]} Bxf1 {[%emt 0:01:19]} 21. Kxf1 {[%emt 0:00:30]} Rfd8 {[%emt 0:03:46]} 22. N6e4 {[%emt 0:04:45]} Nd3 {[%emt 0:13:54]} 23. Ke2 {[%emt 0:00:54]} Ne7 {[%emt 0:02:17]} 24. Nf3 {[%emt 0:01:33]} f5 {[%emt 0:00:39]} 25. Neg5 {[%emt 0:02:36]} e5 {[%emt 0:00:27]} 26. Rc7 {[%emt 0:02:19]} Nd5 {[%emt 0:02:49]} 27. Rxg7+ {[%emt 0:01:42]} Kxg7 {[%emt 0:00:03]} 28. Ne6+ {[%emt 0:00:07]} Kf6 {[%emt 0:00:15]} 29. Nxd8 {[%emt 0:00:53]} Rxd8 {[%emt 0:00:15]} 30. Kxd3 {[%emt 0:01:33]} e4+ {[%emt 0:00:02]} 31. Ke2 {[%emt 0:01:12]} exf3+ {[%emt 0:00:03]} 32. Kxf3 {[%emt 0:00:12]} Rc8 {[%emt 0:00:03]} 33. Rd1 {[%emt 0:00:21]} Ke6 {[%emt 0:00:16]} 34. Rd2 {[%emt 0:00:29]} b5 {[%emt 0:00:56]} 35. Kg2 {[%emt 0:00:54]} a5 {[%emt 0:00:19]} 36. Kh3 {[%emt 0:00:22]} b4 {[%emt 0:01:59]} 37. axb4 {[%emt 0:00:38]} axb4 {[%emt 0:00:04]} 38. Kh4 {[%emt 0:00:07]} Rc4+ {[%emt 0:01:48]} 39. Kg5 {[%emt 0:00:27]} Rg4+ {[%emt 0:00:37]} 40. Kh6 {[%emt 0:01:02]} Nf6 {[%emt 0:00:11]} 41. Re2+ {[%emt 0:30:42]} Kf7 {[%emt 0:30:09]} 0-1